| 000 | 01421nam a2200349 a 4500 | ||
|---|---|---|---|
| 001 | vtls001553394 | ||
| 003 | NLI | ||
| 005 | 20210627152413.0 | ||
| 008 | 121212m18991937ii s000 0 eng | ||
| 039 | 9 |
_y201212121835 _zVLOAD |
|
| 040 | 0 |
_aNLI _beng _cXData_3 _eAACR2 |
|
| 041 | 0 | _aeng | |
| 044 | _aii | ||
| 082 | 0 | 4 | _a352.5 |
| 110 | 1 |
_aBengal (India, British). _bPublic Works Department _9901264 |
|
| 245 | 1 | 0 |
_aAnnual Administration report for roads and Building, Irrigation and Railways Annual Administration report for establishment, Bulding, Railways and communications 1935-36 / _cPublic Works Department, Government of Bengal |
| 260 |
_aAlipore : _bThe Department, _c1899-1937 |
||
| 300 |
_a-v. ; _c29 cm. |
||
| 500 | _aFor the year 1935-36 the is title is Annual adminiustartion report for establishment, Bulding, Railways and communications | ||
| 500 | _aLibrary has 1898-99,1900-01 and 1935-36 | ||
| 650 | 0 |
_aCriminal statistics _zIndia _zBengal _91037061 |
|
| 887 | _a | ||
| 901 |
_aIMP65935 date _b3.8.1910 _91898-99 |
||
| 901 |
_aIMP65955 date _b3.8.191 _91900-01 |
||
| 901 |
_aIMP65954 date _b3.8.1910 _91935-36 |
||
| 902 | _aGP 352.5(5415)B436rbi | ||
| 949 |
_AVIRTUAITEM _D10002 _X100 _6IMP000065935ENG _91898-99 |
||
| 942 |
_2ddc _cBKS |
||
| 949 |
_AVIRTUAITEM _D10002 _X100 _6IMP000065955ENG _91900-01 |
||
| 949 |
_AVIRTUAITEM _D10002 _X100 _6IMP000065954ENG _91935-36 |
||
| 999 |
_aVIRTUA40 _c1001925 _d1001925 |
||